00421 2200157 4500245007700000020001800077250001100095100001600106650003100122005001900153260003100172041001400203084001200217300002500229336000900254 aKamus Praktis Indonesia - Tionghoa Tionghoa IndonesiacLiji, LianghText a979-523-538-9 aCet. 4 aLiji, Liang aKamus Indonesia - Tionghoa a20230510090847 aJakartabDian Rakyatc2007 aIndonesia a413.951 a401 hlm. :c21.5 cm. atext